[Event "SVK-chT5 SE-SI 1314"]
[Site "Slovakia"]
[Date "2013.11.30"]
[Round "4.1"]
[White "Planka, Peter"]
[Black "Klimesova, Lucia"]
[Result "1-0"]
[WhiteElo "1770"]
[BlackElo "1524"]
[PlyCount "43"]
[EventDate "2013.10.19"]
[EventType "team-tourn"]
[EventRounds "11"]
[EventCountry "SVK"]
[SourceTitle "EXT 2022"]
[Source "ChessBase"]
[SourceDate "2021.10.06"]
[SourceVersion "1"]
[SourceVersionDate "2021.10.06"]
[SourceQuality "1"]
[WhiteTeam "Skalica IV"]
[BlackTeam "Stefanov III"]
[WhiteTeamCountry "SVK"]
[BlackTeamCountry "SVK"]

1. e4 e5 2. Nf3 Nc6 3. Bb5 d6 4. d4 exd4 5. Nxd4 Bd7 6. 0-0 Nxd4 7. Bxd7+ Qxd7 8. Qxd4 Nf6 9. Nc3 Be7 10. Re1 0-0 11. b3 b6 12. Bb2 Rad8 13. h3 Rfe8 14. Re3 c5 15. Qd3 Qc6 16. Nd5 Nxd5 17. exd5 Qd7 18. Rg3 f6 19. Re1 Kh8 20. Re4 Rg8 21. Rh4 h6 22. Qg6 1-0

[Event "SVK-chT3A2 1011"]
[Site "Slovakia"]
[Date "2011.04.03"]
[Round "11.8"]
[White "Hornak, Pavol"]
[Black "Klimesova, Lucia"]
[Result "1-0"]
[WhiteElo "1773"]
[BlackElo "1546"]
[PlyCount "81"]
[EventDate "2010.10.17"]
[EventType "team-tourn"]
[EventRounds "11"]
[EventCountry "SVK"]
[SourceTitle "EXT 2019"]
[Source "ChessBase"]
[SourceDate "2018.10.10"]
[SourceVersion "1"]
[SourceVersionDate "2018.10.10"]
[SourceQuality "1"]
[WhiteTeam "Cífer"]
[BlackTeam "Holic"]
[WhiteTeamCountry "SVK"]
[BlackTeamCountry "SVK"]

1. d4 e6 2. c4 g6 3. e4 Bg7 4. Nf3 d6 5. Nc3 Nf6 6. Be2 0-0 7. 0-0 Nbd7 8. Qc2 Ne8 9. Be3 e5 10. Rad1 f6 11. c5 Qe7 12. Bc4+ Kh8 13. b4 exd4 14. Nd5 Qd8 15. Nxd4 Ne5 16. Bb3 Nc6 17. Nxc6 bxc6 18. Nf4 Qe7 19. Ba4 Bd7 20. cxd6 Nxd6 21. Bc5 f5 22. exf5 Bxf5 23. Qd2 Be4 24. f3 g5 25. Nh5 Bd5 26. Rfe1 Qd8 27. Nxg7 Kxg7 28. Qd4+ Kg8 29. Qg4 Rf4 30. Qg3 h5 31. Rxd5 cxd5 32. Bc6 Rc8 33. Bxd6 Qxd6 34. Qxg5+ Kf8 35. Bxd5 Rf7 36. Qxh5 Qb6+ 37. Kh1 Qf6 38. Qxf7+ Qxf7 39. Bxf7 Kxf7 40. a3 Rd8 41. h3 1-0